|
|
|
|
| LEADER |
00723ngm a2200193 i 4500 |
| 001 |
eta2872 |
| 005 |
20211008110023.0 |
| 008 |
200512s2020 hu o 0|| eng d |
| 040 |
|
|
|a SZTE Elektronikus Tananyag Archívum
|b hun
|
| 041 |
|
|
|a eng
|
| 100 |
1 |
|
|a Ács Gergő Péter
|
| 245 |
1 |
0 |
|a Hungarian history 1914-45 (for dentist students)
|h [elektronikus dokumentum] /
|c Ács Gergő Péter
|
| 260 |
|
|
|c 2020-05
|
| 516 |
|
|
|a Video
|
| 650 |
|
4 |
|a Bölcsészettudományok
|
| 650 |
|
4 |
|a Történettudomány és régészet
|
| 650 |
|
4 |
|a Történettudomány
|
| 650 |
|
4 |
|a Újkori és jelenkori történelem
|
| 856 |
4 |
0 |
|u https://eta.bibl.u-szeged.hu/2872/1/Hungarian%20History%201914-1945%20%28for%20dentist%20students%29.mp4
|z Dokumentum-elérés
|